000 00722nam a2200217Ia 4500
003 GCL
005 20240530104533.0
008 140319s9999 xx 000 0 ara d
040 _aGCL /
_cGCL
082 0 4 _a320.956
_bز ع
100 1 _aزكريا حسين
245 1 0 _aالعرب الى اين /
_cزكريا حسين ؛ تقديم مصطفى محمود
250 _aط1
260 _aالقاهرة :
_bالمكتب المصرى الحديث ،
_c1996
300 _a554 ص؛
_c24 سم
650 0 4 _aالنزاع العربى الاسرائيلى
650 0 4 _aحرب الخليج
650 0 4 _aالعالم العربى - الاحوال السياسية
700 1 _aمصطفى محمود
942 _2ddc
_cBK
999 _c48433
_d48433